[Event "Tashkent FIDE GP 2nd"]
[Site "Tashkent"]
[Date "2012.12.04"]
[Round "11"]
[White "Kasimdzhanov, Rustam"]
[Black "Gelfand, Boris"]
[Result "1/2-1/2"]
[WhiteElo "2696"]
[BlackElo "2751"]
[Annotator "Marin,M"]
[PlyCount "82"]
[EventDate "2012.11.22"]
[EventType "tourn"]
[EventRounds "11"]
[EventCountry "UZB"]
[EventCategory "20"]
[SourceTitle "CBM 152"]
[Source "ChessBase"]
[SourceDate "2013.01.15"]
[SourceVersion "1"]
[SourceVersionDate "2013.01.15"]
[SourceQuality "1"]

1. e4 c5 2. Nf3 Nc6 3. d4 cxd4 4. Nxd4 Nf6 5. Nc3 e5 6. Ndb5 d6 7. Bg5 a6 8.
Na3 b5 9. Nd5 Be7 10. Bxf6 Bxf6 11. c3 O-O 12. Nc2 Bg5 13. a4 bxa4 14. Rxa4 a5
15. Bc4 Rb8 16. b3 Kh8 17. O-O f5 18. exf5 Bxf5 19. Nce3 Bg6 20. Bd3 Bxd3 21.
Qxd3 Bxe3 22. fxe3 Rxf1+ 23. Qxf1 Rxb3 24. Rc4 Rb5 25. Nc7 Rb6 26. Nd5 Rb5 27.
e4 Rc5 28. Rxc5 dxc5 29. Qf7 $146 {Believe it or not, only this move is new!
It does not seem to be an improvement, though. In the games played so far, it
was usually Black who had to find a way to simplify to a draw or give
perpetual check. In the current game, the perpetual will be a necessity for
White, who faced the threat of witnessing the birth of a second black queen!} (
29. Qb5 Qd6 30. Kf2 h6 31. Ke2 Kh7 32. Kd3 Ne7 33. Qb6 Qd7 34. Qxc5 Nxd5 35.
exd5 Qf5+ {Nowak,Z (2417)-Milani,O (2125)/IECG email 2003/Corr 2004 (1/2, 43)})
(29. Qa6 Qe8 30. Nc7 Qd7 31. Qa8+ Nd8 32. Nd5 h6 33. Qxa5 Qd6 34. Qb6 Nf7 35.
h4 Qxb6 36. Nxb6 Nd6 37. Nd7 c4 38. Nxe5 Nxe4 {1/2 Sokolov,A (2550)-Gurgenidze,
B (2445)/Riga 1985/URS-ch}) 29... h6 30. Qe6 Qa8 31. Qd7 a4 32. Nb6 Qb8 33.
Qxc6 a3 34. Qxc5 Qa7 35. Na4 Qxa4 36. Qf8+ Kh7 37. Qf5+ Kg8 38. Qe6+ Kf8 39.
Qf5+ Kg8 40. Qc8+ Kf7 41. Qf5+ Kg8 1/2-1/2

[Event "Corus"]
[Site "Wijk aan Zee"]
[Date "2010.01.23"]
[Round "7"]
[White "Nakamura, Hikaru"]
[Black "Shirov, Alexei"]
[Result "1-0"]
[WhiteElo "2708"]
[BlackElo "2723"]
[Annotator "Marin,M"]
[PlyCount "81"]
[EventDate "2010.01.16"]
[EventType "tourn"]
[EventRounds "13"]
[EventCountry "NED"]
[EventCategory "19"]
[SourceTitle "CBM 135"]
[Source "ChessBase"]
[SourceDate "2010.03.17"]
[SourceVersion "1"]
[SourceVersionDate "2010.03.17"]
[SourceQuality "1"]

1. e4 c5 2. Nf3 Nc6 3. d4 cxd4 4. Nxd4 Nf6 5. Nc3 e5 6. Ndb5 d6 7. Bg5 a6 8.
Bxf6 ({An interesting moment. Exchanging on f6 without inserting the moves} 8.
Na3 b5 {offers Black additional possibilities. Could this have been a
psychologic trap set by Nakamura, aiming to tempt Shirov out of the
theoretical paths? If so, it worked out perfectly well.}) 8... gxf6 9. Na3 f5 {
This is why White usually delays the exchange. Black does not need to weaken
his queenside before launching his counterplay in the centre.} (9... b5 {
would transpose back to the normal lines.}) 10. Nc4 Nd4 {Not the only possible
move.} (10... fxe4) (10... b5 {is not really transposing to anything:} 11. Ne3
b4 12. Ncd5 fxe4) 11. exf5 Bxf5 12. Ne3 Bg6 $5 ({The usual retreat in the
Sveshnikov is} 12... Be6) 13. Ncd5 Bh6 14. c3 Ne6 15. Bd3 Bxe3 16. Nxe3 Qb6 17.
O-O Nf4 18. Be2 Rg8 19. Bf3 Nh3+ $6 {Black has not completed his development
yet and should have refrained from such tactical operations.} (19... O-O-O {
would maintain the threat ...Nh3+xf2+ and also ...Qxb2, since Rab1 is
impossible.}) 20. Kh1 Nxf2+ 21. Rxf2 Qxe3 22. Bxb7 Rb8 23. Re2 Qb6 24. Bd5 $16
{White is better coordinated and the black king faces problems finding a safe
location.} Rg7 25. Qd2 f5 26. Rf1 Kd7 27. b4 f4 28. a4 a5 29. b5 Rd8 30. g3
fxg3 31. hxg3 Kc8 32. c4 Kb8 33. Rf6 Re7 34. Kh2 e4 35. Qc3 Rc8 36. Re3 Ka7 37.
Bc6 Rd8 38. c5 dxc5 39. Bxe4 Rd6 40. Rxd6 Qxd6 41. Qxa5+ 1-0

[Event "World Cup"]
[Site "Khanty-Mansiysk"]
[Date "2009.11.27"]
[Round "3.1"]
[White "Vachier Lagrave, Maxime"]
[Black "Yu, Yangyi"]
[Result "1-0"]
[WhiteElo "2718"]
[BlackElo "2527"]
[Annotator "Marin,M"]
[PlyCount "121"]
[EventDate "2009.11.21"]
[EventType "k.o."]
[EventRounds "7"]
[EventCountry "RUS"]
[SourceTitle "CBM 134"]
[Source "ChessBase"]
[SourceDate "2010.01.18"]
[SourceVersion "1"]
[SourceVersionDate "2010.01.18"]
[SourceQuality "1"]

1. e4 c5 2. Nf3 Nc6 3. Nc3 Nf6 4. d4 cxd4 5. Nxd4 e5 6. Ndb5 d6 7. Bg5 a6 8.
Na3 b5 9. Nd5 Be7 10. Bxf6 Bxf6 11. c4 b4 12. Nc2 O-O 13. Be2 a5 14. O-O (14.
Qd3 Be6 15. O-O Bg5 16. Rad1 Bxd5 17. Qxd5 Qb6 18. Rd3 Rac8 19. Rfd1 Rfd8 20.
Rf3 Rc7 21. g3 g6 22. h4 Bh6 23. Kg2 Kg7 24. Qb5 Qc5 25. Qa4 Ne7 26. a3 Rb8 27.
Rb3 Rcb7 28. Ne1 {1/2 Karjakin,S (2723)-Timofeev,A (2651)/Khanty Mansiysk 2009}
) 14... Bg5 15. Qd3 Ne7 {A rare move.} (15... Be6 {is by far the most popular
continuation.}) 16. Nde3 Bxe3 $146 (16... Bb7 17. Rad1 Qb8 18. g3 Ra6 19. Bf3
Qa8 20. Bg2 f5 21. exf5 e4 22. Qe2 Nxf5 23. Nd5 Bxd5 24. Rxd5 {1-0 Adhiban,B 
(2422)-Zhou,Y (2259)/Mersin 2008/CBM 126 Extra}) 17. Nxe3 Nc6 18. Rfd1 Nd4 19.
Nc2 Nxc2 20. Qxc2 Qc7 21. Rd3 Be6 22. b3 Ra6 23. Qd2 Rc6 24. Rd1 Rd8 25. h3 $14
f6 26. Bg4 Bf7 27. h4 Kf8 28. Bf5 Kg8 29. h5 h6 30. Qe2 Qe7 31. Rg3 Kf8 32.
Rdd3 Rc7 33. Kh2 Ra7 34. Qg4 Bg8 35. Qd1 Rc7 36. Rg4 Be6 37. Bxe6 Qxe6 38. Rd5
Ra7 39. Rg3 Rdd7 40. Qd2 Kf7 41. Kg1 Ke8 42. Rgd3 Ke7 43. Qe3 Ra6 44. Qg3 Kf8
45. Rb5 Ra8 46. Qg6 Kg8 47. Rdd5 Rda7 48. Rb6 Rd8 49. Rxa5 Qe7 50. Rxa7 Qxa7
51. Rxb4 Kh8 52. a4 Qd4 53. Rb7 Rg8 54. g3 Qd2 55. Kg2 Qc3 56. Qf7 Qd3 57. Qg6
Qc3 58. Rb5 Qd2 59. a5 Qa2 60. Qg4 Qc2 61. a6 1-0

[Event "Kilkenny Masters"]
[Site "Kilkenny"]
[Date "1998.11.29"]
[Round "5"]
[White "Tiviakov, Sergei"]
[Black "McShane, Luke J"]
[Result "0-1"]
[WhiteElo "2655"]
[BlackElo "2470"]
[Annotator "McShane,L"]
[PlyCount "72"]
[EventDate "1998.11.27"]
[EventType "swiss"]
[EventRounds "6"]
[EventCountry "IRL"]
[SourceTitle "CBM 067 Extra"]
[Source "ChessBase"]
[SourceDate "1999.01.01"]
[SourceVersion "1"]
[SourceVersionDate "1999.01.01"]
[SourceQuality "1"]

1. e4 c5 2. Nf3 Nc6 3. d4 cxd4 4. Nxd4 Nf6 5. Nc3 e5 6. Ndb5 d6 7. Bg5 a6 8.
Na3 b5 9. Bxf6 gxf6 10. Nd5 f5 11. c3 Bg7 12. exf5 Bxf5 13. Nc2 Be6 14. g3 O-O
15. Bg2 a5 16. O-O Rb8 17. Qd2 (17. Qh5) 17... Qd7 {We are out of the opening
and well into the middle game. Black has two bishops and a big pawn centre but
his pawns are liable to become vulnerable as White is very solid.} 18. Rad1 f5
19. Nde3 {Pressurising the weak d6 pawn and making way for favourable
exchanges on d5.} Rbd8 20. Bd5 Ne7 21. Bxe6+ Qxe6 22. Nd5 f4 23. Nxe7+ Qxe7 24.
Qd5+ Kh8 25. Rfe1 $2 {Trying to stop e4 but weakening the f-file.} (25. Ne1 e4
26. Qxb5 e3 {creating counterplay quickly is unclear.}) (25. Qxb5 {is of
course well met by} Rb8) 25... Qf6 $1 {exploiting the weakness of White's last
move. Now when white defends f2 wih the rook black can later gain a further
tempo with f3.} 26. Re2 Bh6 27. Qxb5 (27. Ne1 b4 $1 28. Qxa5 $2 fxg3 29. hxg3
Be3 $1 30. Nd3 Qf3 31. Rde1 Qxg3+ $19) 27... f3 28. Re4 Rb8 $1 {Perhaps my
opponent missed this rook move to b8. Once I get my rook to the seventh rank
it is really unpleasant.} 29. Qxa5 (29. Qd5 {was less greedy but things are
still bad for White if I carry on as in the game.}) 29... Rxb2 30. Ne3 Re2 31.
Ng4 Qg6 32. Rb4 {[#]} Bf4 $1 {Cutting the rook off from g4 decides the game
quickly. I only realized afterwards how aesthetically pleasing to me this
Black's march up the kingside was to me. Bf8-g7-h6-f4-g3-f2-c5!} 33. h3 Bxg3 $1
34. Qd5 (34. fxg3 f2+ 35. Kf1 Re1+ 36. Rxe1 Qd3+ 37. Re2 Qd1+ 38. Kg2 f1=Q+ {
and mates.}) 34... Bxf2+ 35. Kf1 Bc5 36. Rb7 Rg2 0-1

[Event "Lippstadt 10th"]
[Site "Lippstadt"]
[Date "2000.07.14"]
[Round "9"]
[White "Luther, Thomas"]
[Black "McShane, Luke J"]
[Result "1/2-1/2"]
[WhiteElo "2547"]
[BlackElo "2480"]
[Annotator "McShane,L"]
[PlyCount "34"]
[EventDate "2000.07.06"]
[EventType "tourn"]
[EventRounds "11"]
[EventCountry "GER"]
[EventCategory "10"]
[SourceTitle "CBM 078"]
[Source "ChessBase"]
[SourceDate "2000.10.18"]
[SourceVersion "1"]
[SourceVersionDate "2000.10.18"]
[SourceQuality "1"]

1. e4 {Rogozenko} c5 2. Nf3 Nc6 3. d4 cxd4 4. Nxd4 Nf6 5. Nc3 e5 6. Ndb5 d6 7.
Bg5 a6 8. Na3 b5 9. Bxf6 gxf6 10. Nd5 f5 11. Bxb5 $5 {This interesting
sacrifice is all theory, but leads to completely chaotic positions. Rogozenko:
'This piece sacrifice leads to very sharp positions and requires a creative
play from both sides. The number of games played with it is not big, so there
is still plenty of room for investigations. The present game proves it. '} axb5
12. Nxb5 Ra4 13. b4 $5 {13.c4 is another move, giving up a pawn to open the
c-file. It turns out that although this position has been seen several times
before my reply, a natural move, is new.} (13. c4 {is another move, giving up
a pawn to open the c-file.}) (13. Nbc7+ {Rogozenko} Kd7 14. O-O Rxe4 15. Qh5
Qh4 16. Qxf7+ Be7 17. g3 (17. Ne6 {/\ 18.Nb6#.} Nd8 18. Nxd8 Kxd8 19. g3 Rg4
20. Kh1 Qg5 21. f3 (21. f4 Qg7 $19) 21... Rf8 22. Qxh7 Bb7 $17) (17. Qxf5+ Kd8
18. Ne6+ Bxe6 19. Qxe6 Nd4 20. Qxe7+ Qxe7 21. Nxe7 Kxe7 $15) 17... Rg4 18. Nb5
(18. Qxf5+ Kd8 19. Ne6+ Bxe6 20. Qxe6 Nd4 (20... Rhg8 21. Kh1 Qg5 (21... Qh3 $2
22. Nxe7) 22. f4 $36) 21. Qxe7+ Qxe7 22. Nxe7 Kxe7 $13) (18. Kh1 Qh6 19. Qxf5+
Kd8 20. Qd3 Rf8 21. Qb5 $13) 18... f4 19. Rad1 fxg3 20. fxg3 Rxg3+ 21. hxg3
Qxg3+ 22. Kh1 Qh3+ {1/2-1/2 Garcia,G-Di Benedetto,G/Isla del Cerrito 1999})
13... Qh4 $5 $146 {The main idea is to be able to keep the queen's bishop's
diagonal open after Nbc7+ Kd8. Of course, White could have played that the
move before, but it is quite committal - the knights don't always want to be
on those squares.  Rogozenko: 'An important novelty. This logical move was
never played before, as 13. ... Rxb4 was considered forced. Counterplay on the
kingside is typical for Black and the game shows that Black can manage without
13. ... Rxb4. Now e4 is hanging, so the short castle seems a normal reply. '} (
13... Rxb4 14. Nxb4 (14. Nbc7+ {Rogozenko} Kd7 15. O-O Qg5 $13 {0-1 Vitolinsh,
A-Cherniaev,A/Kherson 1990 (43)} (15... Rb7 16. Qh5 $40 {1-0 Shirov,A-Lautier,
J/Monaco MNC 2000 (26)})) 14... Nxb4 {Giving back an exchange, was another
option.}) 14. O-O Rg8 {'!' Rogozenko. Black's counterattack makes White's king
look as vulnerable as his own.} (14... Qxe4 $4 15. Nf6+) 15. c3 (15. f4 $5 {
Blowing the centre open is logical but complex.} Kd8 $1 {is a strong reply,
with unclear play.}) 15... f4 {'!' Rogozenko. Rogozenko: 'The critical
position for evaluation of 13. ... Qh4. White forced a draw in the game, and I
think that he had nothing better than that. '} 16. Qxa4 (16. f3 $2 {Rogozenko}
Bh3 17. Rf2 Qxf2+ 18. Kxf2 Rxg2+ $19) (16. Ndc7+ {Rogozenko} Kd8 17. Qxa4 $2
Qh3 $19) (16. Kh1 $6 {Rogozenko} Rg6 17. Qxa4 f3 $1 $17 (17... Rh6 18. Nxd6+
Kd7 19. h3 f3 20. Nb6+ Kc7 $13) (17... Rxg2 18. Nf6+ Qxf6 19. Kxg2 $18)) (16.
Nf6+ $5 {Rogozenko} Qxf6 17. Qxa4 Qg6 18. g3 fxg3 19. fxg3 Qxe4 $13) 16...
Rxg2+ 17. Kxg2 Qg4+ (17... Qg4+ 18. Kh1 Qf3+ 19. Kg1 Qg4+ {is a perpetual.} ({
Playing to win with} 19... Bh3 {is suicidal:} 20. Qa8+ Nd8 (20... Kd7 21. Qb7+)
21. Nbc7+ Kd7 22. Nb6+ Kxc7 23. Qa7+ Nb7 (23... Kc6 24. b5+ {wins eventually})
24. Nd5+ Kd8 25. Qb8+ Kd7 26. Qc7+ Ke8 (26... Ke6 27. Qc8#) 27. Nf6#)) 1/2-1/2

[Event "WchT 12th"]
[Site "Astana"]
[Date "2019.03.06"]
[Round "2.10"]
[White "McShane, Luke J"]
[Black "Mamedov, Rauf"]
[Result "1-0"]
[WhiteElo "2661"]
[BlackElo "2701"]
[Annotator "McShane,L"]
[PlyCount "101"]
[EventDate "2019.03.05"]
[EventType "team-tourn"]
[EventRounds "9"]
[EventCountry "KAZ"]
[SourceTitle "CBM 189"]
[Source "ChessBase"]
[SourceDate "2019.04.29"]
[SourceVersion "1"]
[SourceVersionDate "2019.04.29"]
[SourceQuality "1"]
[WhiteTeam "England"]
[BlackTeam "Azerbaijan"]
[WhiteTeamCountry "ENG"]
[BlackTeamCountry "AZE"]

1. e4 c5 2. Nf3 Nc6 3. d4 cxd4 4. Nxd4 Nf6 5. Nc3 e5 6. Ndb5 d6 7. Bg5 a6 8.
Na3 b5 9. Nd5 Be7 10. Bxf6 Bxf6 11. c4 b4 12. Nc2 O-O 13. g3 Bg5 14. h4 Bh6 15.
Bh3 a5 16. Bxc8 Rxc8 17. b3 Kh8 18. Qe2 Qe8 19. Rd1 {White's grip on the light
squares promises a small advantage.} Qe6 20. Kf1 g6 21. h5 (21. g4 {was also
promising.}) 21... Kg7 22. Rd3 f5 23. hxg6 Qxg6 (23... hxg6 24. exf5 gxf5 25.
g4 $1 {and Black's king is too exposed}) 24. exf5 (24. g4 $5 fxg4 25. Rg1 Kh8
26. Qxg4 Qxg4 27. Rxg4 $16 {but this looked quite unnatural to me, even though
the engine seems to like it.}) 24... Rxf5 25. g4 $1 (25. Rf3 {was tempting, to
exchange the active rook. But after} Rxf3 26. Qxf3 Rf8 (26... Qxc2 $2 27. Qf6+
Kg8 28. Qe6+ $18) 27. Qh5 Qd3+ 28. Qe2 Qg6 $14 {Black's position is quite
viable.}) 25... Rf7 26. Rdh3 Rcf8 27. R1h2 $2 (27. f3 $1 {was significantly
stronger:} Bg5 (27... Qxg4 $2 28. Rg1 $18) (27... e4 28. Rxh6 $18) 28. Rxh7+
Qxh7 29. Rxh7+ Kxh7 30. Kg2 $16 {White is an important tempo up on the game.})
27... Bg5 28. Rxh7+ Qxh7 29. Rxh7+ Kxh7 30. Kg2 Kg7 (30... Rxf2+ 31. Qxf2 Rxf2+
32. Kxf2 e4 33. Nce3 Ne5 34. Nf5 Nd3+ {during the game I thought this was the
critical line, and is what I was aiming for with 25.g4! It seems that Black
can hold with accurate play.} (34... Nxg4+ 35. Ke2 $16) 35. Kg2 (35. Kf1 Nc1
36. Nxd6 e3 $1 37. Nf5 Nxa2 38. c5 a4 $1 39. c6 axb3 40. c7 b2 41. c8=Q b1=Q+
42. Kg2 Qe4+ 43. Kg3 Qe5+ 44. Kh3 e2 {and now White has no more than a
perpetual.}) 35... Kg6 $1 (35... Nc1 36. Nxd6 e3 37. Ne4 $1 $16 {is what I was
looking at during the game (and this is why White put the king on g2, avoiding
a check when the pawn advances to e2.}) 36. Nxd6 Nc5 $1 {a clever resource} 37.
Nb6 $1 {heading for a4} Be3 (37... Bf4 38. Nxe4 $1 $14) 38. Na4 Nxa4 39. bxa4
Kg5 40. c5 Kxg4 41. c6 Bb6 42. Nxe4 Kf5 43. Nc5 Bd8 44. Na6 Ke5 45. c7 Bxc7 46.
Nxc7 Kd4 $11) 31. f3 Nd4 (31... Rxf3 32. Qxf3 Rxf3 33. Kxf3 {gives White a
very pleasant endgame}) (31... Nd8 $5 {I was wondering about this during the
game}) ({Transferring the rooks to the h-file is too slow} 31... Rh8 32. Qe4
Kf8 33. Qg6 Rfh7 34. Qxg5 Rh2+ 35. Kg1 $18 {and Black has no perpetual}) 32.
Nxd4 exd4 33. Qe4 Rxf3 34. Qxd4+ (34. Qxf3 Rxf3 35. Kxf3 d3 {and in fact White
is the one who has to be careful here.}) ({After} 34. Nc7 Re3 $1 35. Qxd4+ Kh6
36. Qxd6+ Rf6 {it is White who has to be careful}) 34... Kh6 35. Qe4 $1 {
not fearing the check on f2.} Rf2+ 36. Kg3 Rxa2 (36... R8f3+ $4 37. Qxf3 Bh4+
38. Kf4 Bg5+ 39. Ke4 $18) (36... Rf1 37. Ne3 $1) 37. Ne7 $1 (37. Qh1+ Kg7 38.
Qh5 {looks clever, but after} Bd2 $1 {White is in serious danger. The only
move that holds the balance is} 39. Qh1 $1) (37. c5 $3 dxc5 38. Qh1+ Kg7 39.
Qh5 {was too deep for me to see. Even with the engine running it's not easy to
understand, but it looks like the possibility of the check on e5 means that
White is picking up an exchange by force.}) (37. Ne3 $2 {plans the same check
on f5, but Black can arrange to take the knight with check} Bf4+ $1 38. Kf3
Bxe3+ 39. Kxe3 Rff2 $11 {and White's king is embarrassed.}) 37... Bxe7 (37...
Bf4+ 38. Kf3 $1 {and Ne7-f5+ will be decisive.}) 38. Qxe7 Raf2 39. Qxd6+ R8f6
40. Qe5 $1 {Natural and strong. It's important that the queen covers h2.} Kg6
$6 {This is very natural and the move I was expecting (since now grabbing on
a5 allows mate in 2). But it seems to be an error.} (40... Kh7) 41. c5 $5 {
With time to reflect after move 40, I decided that if Black grabbed the b-pawn
and placed both rooks on the sixth rank, this would be a draw. Therefore it
seemed critical to get this pawn moving before Black has time to coordinate
the rooks.} (41. Kh4 {is also good.} R2f3 42. Qxa5 Rxb3 43. Qg5+ Kf7 44. c5 Rc3
{I felt that this was quite likely to end in a draw if Black could give up the
b pawn and get both rooks to the sixth rank, but an accurate series of checks
is decisive.} 45. Qd5+ Kg7 46. Qb7+ Kg6 47. Qxb4 Re3 48. c6 $1 Rxc6 49. Qb1+
Kh6 50. g5+ Kg7 51. Qb7+ $18) 41... R2f3+ 42. Kh4 Kf7 {Now Black threatens a
perpetual starting with Rh6+} 43. Qc7+ Kg6 44. Qxa5 Rxb3 45. Qa2 $1 {I was
pleased when I found this idea. The Rf6 is dragged away from the king, and
Black's coordination is broken.} Rff3 (45... Re3 46. Qg8+ Kh6 47. g5# {mate!})
46. Qa6+ Kg7 47. Kg5 {Once the king enters the attack Black's position is
hopeless.} Rbe3 48. Qg6+ Kf8 (48... Kh8 49. c6 Re5+ (49... Rc3 50. Qe8+ Kg7 51.
Qe5+ Kg8 52. c7 Rf8 53. Kg6 Rc6+ 54. Kh5 $18) 50. Kh4 $18) 49. Qd6+ Re7 50. c6
Ke8 (50... Rc3 51. Kf6 $18) 51. c7 1-0